Export Ready — 

Dédan et Lihyan : histoire des arabes aux confins des pouvoirs perse et hellénistique (IVe-IIe s. avant l'ère chrétienne) /

Saved in:

Main Author: Farès-Drappeau, Saba,‪ 1961- (Author)

Format: Book

Language: French

Published: Lyon : Maison de l'Orient et de la Méditerranée, 2005.

Series: Travaux de la Maison de l'Orient, 42.

Subjects:

Tags: Add Tag

No Tags, Be the first to tag this record!

Call Number: PJ6690 .F37 2005

LEADER 01192nam a22003137a 4500
003 OSt
005 20251110094633.0
008 251110t2005 fr ab g b 000 0 fre d
010 |a 2006418217 
020 |a 2903264848 
040 |c ARCE Library 
043 |a ar----- 
050 1 4 |a PJ6690  |b .F37 2005 
100 1 |a Farès-Drappeau, Saba,‪  |d 1961-  |e author 
245 1 0 |a Dédan et Lihyan :   |b histoire des arabes aux confins des pouvoirs perse et hellénistique (IVe-IIe s. avant l'ère chrétienne) /   |c Saba Farès-Drappeau. 
264 1 |a Lyon :   |b Maison de l'Orient et de la Méditerranée,   |c 2005. 
300 |a 325 pages :   |b illustrations, maps, photog. on plates ;   |c 30 cm. 
490 1 |a Travaux de la Maison de l'Orient,   |x 0766-0510 ;   |v 42. 
504 |a Includes bibliographical references (p. [267]-282). 
555 |a wafaa.lib 
650 0 |a Inscriptions, Lihyanic. 
650 0 |a Arabic language  |x Dialects  |x History. 
650 0 |a Arabs  |x Social life and customs. 
650 0 |a Arabs  |x History  |y To 622. 
651 0 |a Arabian Peninsula  |x Civilization. 
830 0 |a Travaux de la Maison de l'Orient,   |x 0766-0510 ;   |v 42. 
901 |a reviewed 
942 |c BK  |2 lcc 
999 |c 21438  |d 21438